| 000 | 00611nam a2200205Ia 4500 | ||
|---|---|---|---|
| 008 | 180207s9999 xx 000 0 und d | ||
| 020 | _a9789715116961 | ||
| 050 | _bG261 2001 | ||
| 100 | _aGatmaitan, Luis P. | ||
| 245 | _aMay mga lihim kami ni Ingkong = | ||
| 245 | _bSecrets with Lolo / | ||
| 245 | _cby Luis P. Gatmaitan ; artwork by Beth Parrocha-Doctolero. | ||
| 260 | _aMetro Manila, Philippines : | ||
| 260 | _bOMF Literature Inc., | ||
| 260 | _c2001 | ||
| 300 | _aunpaged : | ||
| 300 | _bchiefly colored ; | ||
| 300 | _c23cm. | ||
| 650 | _aDon Carlos Palanca Memorial Awards for Literature. | ||
| 999 |
_c355796 _d355796 |
||